000
00271nam a22001097a 4500
999
_c
4599
_d
4599
008
250304b ||||| |||| 00| 0 eng d
020
_a
9780753405086
082
_a
591.39 WOO
100
_a
WOOD,JENNY
_e
AUTHOR
245
_a
I WONDER WHY
_b
KANGAROOS HAVE POUCHES
942
_2
ddc